000 00551nam a2200229Ia 4500
003 OSt
005 20220918200256.0
006 a|||||r|||| 00| 0
007 ta
008 220917b |||||||| |||| 00| 0 eng d
024 _a88,132
037 _cTextual
040 _aARTS
_cARTS
_beng
041 _2eng
_aeng
082 _aU11, J3
100 _aMiller Austin
_993387
245 0 _aSkin of the earth
260 _c1953
650 _aMAPS; GEOGRAPHY
_920557
942 _hU11, J3
_cTEXL
_2CC
999 _c211822
_d211822